Sports Quiz

Random Sports or Soccer Quiz

Top 100 1 Club Man Premier League Scorers Quiz Stats

 Plays Quiz not verified by Sporcle

Challenge
Share
Tweet
Embed
Score 0/100 Timer 20:00
0 Plays Today
Number Of Goals Player % Correct
175Thierry Henry
98.7%
109Ryan Giggs
95.1%
107Paul Scholes
94.6%
120Steven Gerrard
94.6%
104Didier Drogba
91.5%
100Matt Le Tissier
90.7%
95Ruud Van Nistelrooy
86.9%
84Cristiano Ronaldo
82.7%
87Dennis Bergkamp
82.2%
147Sergio Aguero
81.7%
62David Beckham
81.2%
74Gabriel Agbonlahor
75.3%
91Ole Gunnar Solskjaer
75%
41John Terry
74.2%
59Gianfranco Zola
68.8%
69Luis Suarez
68.3%
50Edin Dzeko
67.5%
56Tim Cahill
63.1%
62Yaya Toure
60.6%
51Dirk Kuyt
59.5%
21Callum Wilson
58.8%
17Vincent Kompany
57.4%
64Jamie Vardy
57%
43Gareth Bale
56.7%
36Papiss Cisse
55.4%
74Eden Hazard
54.8%
29Juninho
54.4%
23Graziano Pelle
52.8%
35Florent Malouda
51.8%
30Sylvain Wiltord
51.3%
30Jurgen Klinsmann
51%
25Nani
50.8%
44Leon Osman
50%
20Michu
50%
Number Of Goals Player % Correct
17Marcus Rashford
50%
44Juan Pablo Angel
49.7%
36Salomon Kalou
49.5%
50David Silva
48.5%
42Marians Pahars
48.2%
45Robbie Earle
46.4%
30Troy Deeney
45.4%
20Dusan Tadic
45.1%
36Aaron Ramsey
44.9%
20Collins John
43.6%
20Hernan Crespo
43%
25Marc Overmars
42.5%
25Santi Cazorla
42.5%
22Henrik Pedersen
42.1%
22Oscar
42%
30Kevin Mirallas
41.2%
36Morten Gamst Pedersen
40.7%
24Chris Brunt
39.7%
52Diego Costa
39.4%
27Jonathan Johansson
38.7%
41Philippe Coutinho
38.7%
31Hamilton Ricard
36.9%
26Willian
36.3%
38Roberto Firmino
36.2%
24Anthony Martial
36%
37Mark Noble
35.6%
34Marcus Gayle
35.1%
28Mesut Ozil
34.8%
41Christian Eriksen
34.5%
24Rafael Van Der Vaart
34%
24Shaun Bartlett
34%
25Micky Quinn
33.8%
35Peter Ndlovu
33.5%
22Sami Hyypia
33.5%
Number Of Goals Player % Correct
23Pedro
32.4%
24Bryan Roy
32.2%
24Tony Yeboah
32%
22Branislav Ivanovic
31%
23Andrei Arshavin
30.9%
29Paul Rideout
30.7%
27Lee Hendrie
30.7%
18Luis Garcia
29.9%
21Gianluca Vialli
29.4%
21Roman Pavlyuchenko
28.6%
30Son Heung-Min
28.6%
19Tomas Rosicky
28.1%
28Savo Milosevic
27.3%
18Brian McClair
26.5%
22Ashley Barnes
25%
20Michail Antonio
24.7%
18Diafra Sakho
24.3%
22Alen Boksic
24%
22Dalian Atkinson
23.7%
18Kevin Gallen
22.9%
20Bradley Allen
22.4%
38Dele Alli
22.2%
22Matt Elliott
21.9%
32Joshua King
21.9%
19Seamus Coleman
21.8%
18Massimo Maccarone
20.9%
23Szilard Nemeth
20.6%
21Gabriel Jesus
20%
20Ivan Klasnic
19.3%
19Laurent Koscielny
9%
21Ayoze Perez
0%
17Fernandinho
0%

You're not logged in!

Compare scores with friends on all Sporcle quizzes.
Join for Free
OR
Log In

You Might Also Like...

Show Comments

Extras

Top Quizzes Today


Score Distribution

Your Account Isn't Verified!

In order to create a playlist on Sporcle, you need to verify the email address you used during registration. Go to your Sporcle Settings to finish the process.

Report this User

Report this user for behavior that violates our Community Guidelines.

Details: